| 000 | 00965nam a2200277 a 4500 | ||
|---|---|---|---|
| 001 | 41818 | ||
| 003 | BD-RjUL | ||
| 005 | 20211209053444.0 | ||
| 008 | 160606s1985 enk 000 0 eng c | ||
| 020 | _a041637400X (pbk.) | ||
| 035 | _a(BD-RjUL)41936 | ||
| 040 |
_aMH _cMH _dDLC _dBD-RjUL _beng |
||
| 041 | _aeng | ||
| 082 |
_a324.2 _bEVP 1985 |
||
| 100 | 1 |
_aEvans, Eric J., _d1945- _9128454 |
|
| 245 | 1 | 0 |
_aPolitical parties in Britain, 1783-1867 / _cEric J. Evans. |
| 260 |
_aLondon ; _aNew York : _bMethuen, _c1985. |
||
| 300 |
_aviii, 55 p. ; _c22 cm. |
||
| 650 | 0 |
_aPolitical parties _zGreat Britain _xHistory _y18th century. _9128455 |
|
| 650 | 0 |
_aPolitical parties _zGreat Britain _xHistory _y19th century. _9128456 |
|
| 651 | 0 |
_aGreat Britain _xPolitics and government _y1760-1820. _9128457 |
|
| 651 | 0 |
_aGreat Britain _xPolitics and government _y19th century. _9128458 |
|
| 942 |
_2ddc _cBK |
||
| 999 |
_c41818 _d41818 |
||